|
|
|
|
| LEADER |
00959nam a2200289 4500 |
| 001 |
DLU140166067 |
| 005 |
##20141210 |
| 040 |
# |
# |
|a DLU
|b vie
|
| 041 |
# |
# |
|a vie
|
| 044 |
# |
# |
|a vn
|
| 100 |
# |
# |
|a Nguyễn Quang Thuấn.
|c GS.TS.
|
| 245 |
# |
# |
|a Một số vấn đề về cơ chế chính sách đối với các mặt hàng nông sản chủ lực ở đồng bằng sông Cửu Long /
|c Nguyễn Quang Thuấn, Đào thị Hoàng Mai.
|
| 653 |
# |
# |
|a Đồng bằng sông Cửu Long
|
| 653 |
# |
# |
|a Nông sản
|
| 653 |
# |
# |
|a Sản Xuất
|
| 653 |
# |
# |
|a Tiêu thụ
|
| 700 |
# |
# |
|a Đào Thị Hoàng Mai
|
| 773 |
# |
# |
|t Nghiên cứu Kinh tế
|g Số 3(418), 2013, tr.52-57
|
| 920 |
# |
# |
|a Phòng Tạp chí -- Trung tâm Thông tin - Thư viện Trường Đại học Đà Lạt
|
| 994 |
# |
# |
|a DLU
|
| 900 |
# |
# |
|a True
|
| 911 |
# |
# |
|a Trần Thị Minh Hương
|
| 925 |
# |
# |
|a G
|
| 926 |
# |
# |
|a A
|
| 927 |
# |
# |
|a BB
|
| 980 |
# |
# |
|a Thư viện Trường Đại học Đà Lạt
|